Statistics for 東海道新幹線が通過する市区町村

Click here to take the quiz!

General Stats

  • This quiz has been taken 812 times
  • The average score is 54 of 75

Answer Stats

自治体名% Correct
横浜市新横浜駅所在地
99%
小田原市小田原駅所在地
98%
川崎市
98%
熱海市熱海駅所在地
97%
品川区
97%
静岡市静岡駅所在地
97%
千代田区東京駅所在地
96%
港区品川駅所在地
96%
三島市三島駅所在地
96%
豊橋市豊橋駅所在地
95%
浜松市浜松駅所在地
95%
富士市新富士駅所在地
95%
名古屋市名古屋駅所在地
95%
京都市京都駅所在地
94%
大田区
94%
米原市米原駅所在地
93%
掛川市掛川駅所在地
93%
大阪市新大阪駅所在地
93%
安城市三河安城駅所在地
91%
羽島市岐阜羽島駅所在地
91%
沼津市
89%
大津市
88%
岡崎市
85%
高槻市
85%
草津市
85%
大垣市
84%
湯河原町
84%
彦根市
83%
平塚市
82%
藤沢市
80%
一宮市
80%
函南町
80%
磐田市
79%
湖西市
78%
蒲郡市
78%
海老名市
77%
焼津市
77%
二宮町
76%
関ヶ原町
76%
大和市
75%
真鶴町
74%
島田市
74%
近江八幡市
73%
大磯町
72%
長岡京市
71%
藤枝市
70%
綾瀬市
69%
豊川市
69%
刈谷市
67%
野洲市
67%
袋井市
65%
菊川市
63%
大府市
62%
清須市
61%
寒川町
61%
守山市
60%
栗東市
58%
向日市
57%
知立市
55%
島本町
54%
大山崎町
53%
稲沢市
52%
長泉町
51%
東近江市
51%
牧之原市
50%
摂津市
50%
垂井町
49%
幸田町
49%
長浜市
47%
西尾市
38%
愛荘町
31%
多賀町
29%
安八町
29%
豊郷町
27%
甲良町
19%

Score Distribution

Percentile by Number Answered

Percent of People with Each Score

Your Score History

You have not taken this quiz